Imagining the primitive in naturalist and modernist literature
"Examines the depiction of primitive characters in naturalist and modernist texts, focusing on works by Jack London, Frank Norris, Eugene O'Neill, Theodore Dreiser, Willa Cather, Ernest Hemingway, Gertrude Stein, and Nella Larsen"--Provided by publisher.
Gorde:
| Egile nagusia: | |
|---|---|
| Erakunde egilea: | |
| Formatua: | Baliabide elektronikoa eBook |
| Hizkuntza: | ingelesa |
| Argitaratua: |
Columbia :
University of Missouri Press,
c2006.
|
| Gaiak: | |
| Sarrera elektronikoa: | An electronic book accessible through the World Wide Web; click to view |
| Etiketak: |
Etiketarik gabe, Izan zaitez lehena erregistro honi etiketa jartzen!
|
MARC
| LEADER | 00000nam a2200000Ia 4500 | ||
|---|---|---|---|
| 001 | 0000084182 | ||
| 005 | 20171002054235.0 | ||
| 006 | m u | ||
| 007 | cr cn||||||||| | ||
| 008 | 051012s2006 mou sb 001 0 eng d | ||
| 010 | |z 2005029965 | ||
| 020 | |z 0826216250 (alk. paper) | ||
| 035 | |a (CaPaEBR)ebr10128990 | ||
| 035 | |a (OCoLC)613372059 | ||
| 040 | |a CaPaEBR |c CaPaEBR | ||
| 050 | 1 | 4 | |a PS228.P72 |b R675 2006eb |
| 100 | 1 | |a Rossetti, Gina M., |d 1971- | |
| 245 | 1 | 0 | |a Imagining the primitive in naturalist and modernist literature |h [electronic resource] / |c Gina M. Rossetti. |
| 260 | |a Columbia : |b University of Missouri Press, |c c2006. | ||
| 300 | |a 196 p. | ||
| 504 | |a Includes bibliographical references (p. 177-188) and index. | ||
| 520 | |a "Examines the depiction of primitive characters in naturalist and modernist texts, focusing on works by Jack London, Frank Norris, Eugene O'Neill, Theodore Dreiser, Willa Cather, Ernest Hemingway, Gertrude Stein, and Nella Larsen"--Provided by publisher. | ||
| 533 | |a Electronic reproduction. |b Palo Alto, Calif. : |c ebrary, |d 2011. |n Available via World Wide Web. |n Access may be limited to ebrary affiliated libraries. | ||
| 650 | 0 | |a American literature |y 20th century |x History and criticism. | |
| 650 | 0 | |a Primitivism in literature. | |
| 650 | 0 | |a Modernism (Literature) |z United States. | |
| 650 | 0 | |a Naturalism in literature. | |
| 655 | 7 | |a Electronic books. |2 local | |
| 710 | 2 | |a ebrary, Inc. | |
| 856 | 4 | 0 | |u http://site.ebrary.com/lib/daystar/Doc?id=10128990 |z An electronic book accessible through the World Wide Web; click to view |
| 908 | |a 170314 | ||
| 942 | 0 | 0 | |c EB |
| 999 | |c 73339 |d 73339 | ||